000 00337nam a22001337a 4500
999 _c2702
_d2702
008 200313b ||||| |||| 00| 0 eng d
082 0 0 _a62913436
_bS5287
100 _92314
_aShannon, J. F.
245 1 0 _aPropeller blade vibration
_cby J. F. Shannon
260 _aLondon
_bHMSO
_c1950
300 _a10 p.
650 0 _aPropeller
942 _cBK